कोशिका और जीवन / (Record no. 18500)

MARC details
000 -LEADER
fixed length control field 01172nam a22002537a 4500
005 - DATE AND TIME OF LATEST TRANSACTION
control field 20081117123210.0
008 - FIXED-LENGTH DATA ELEMENTS--GENERAL INFORMATION
fixed length control field 081117t xxu||||| |||| 00| 0 hin d
010 ## - LCCN (DPL NO)
LC control number HIN-84944
020 ## - INTERNATIONAL STANDARD BOOK NUMBER
Terms of availability 225.00
International Standard Book Number 9788190750165
035 ## - SYSTEM CONTROL NUMBER
System control number HN-57290
037 ## - SOURCE OF ACQUISITION
Source of stock number/acquisition DBAD / PUB
040 ## - CATALOGING SOURCE
Original cataloging agency DPL
Language of cataloging HN
082 ## - DEWEY DECIMAL CLASSIFICATION NUMBER
Classification number 571.6
100 ## - MAIN ENTRY--PERSONAL NAME
Personal name सच्चिदानंद सिंह
245 ## - TITLE STATEMENT
Title कोशिका और जीवन /
Statement of responsibility, etc सच्चिदानंद सिंह
246 ## - VARYING FORM OF TITLE
Title proper/short title Koshika aur Jeevan
Remainder of title bySachidanand Singh
260 ## - PUBLICATION, DISTRIBUTION, ETC. (IMPRINT)
Place of publication, distribution, etc पटना
Name of publisher, distributor, etc जागृति साहित्य प्रकाशन
Date of publication, distribution, etc 2008
270 ## - ADDRESS
Address साईस कॉलेज के सामने, अशोक राजपथ
City पटना
Postal code 800006
300 ## - PHYSICAL DESCRIPTION
Extent 96पृ
Dimensions 22सेमी (सजिल्द)
650 ## - SUBJECT ADDED ENTRY--TOPICAL TERM
Topical term or geographic name as entry element कोशिका जीवतत्व
650 ## - SUBJECT ADDED ENTRY--TOPICAL TERM
Topical term or geographic name as entry element Cell physiology
942 ## - ADDED ENTRY ELEMENTS (KOHA)
Source of classification or shelving scheme Dewey Decimal Classification
Item type Hindi Books
Call number suffix सच्चिदा
Classification part 571.6
Holdings
Withdrawn status Lost status Source of classification or shelving scheme Damaged status Not for loan Collection code Home library Current library Date acquired Source of acquisition Cost, normal purchase price Total Checkouts Full call number Barcode Date last seen Copy number Cost, replacement price Koha item type
    Dewey Decimal Classification   Not For Loan Non-fiction D.B.Act.Division D.B.Act.Division 17/11/2008 DBAD / PUB 225.00   571.6 सच्चिदा HN-57290 17/11/2008 1 225.00 Hindi Books

© Delhi Public Library
Hit Counter
free hit counter